000 01079nam a22002771u 4500
001 04968
003 HDC
007 cr bn ---
008 210118p my go d 00 mayg
040 _aHDC
110 _aUniversiti Malaysia Sabah (UMS)
245 0 _aHALAL ISSUES IN GM FOOD /
_cby ASSOC. PROF. MARIAM ABDUL LATIF
260 _a[No Place] :
_b[publisher not identified],
_c2016
300 _a23 pages :
_billustrations
336 _atext
_2rdacontent
337 _acomputer
_2rdamedia
338 _aonline resource
_2rdacarrier
650 _aGenetically modified food
_95204
650 _aHalal food
_950
710 _aUniversiti Malaysia Sabah
856 _zRequest full-text at [email protected]
856 _zRequest full-text at [email protected]
942 _2lcc
942 _cSLIDE
942 _kSLID 000550
999 _c2292
_d2292